000
00306nam a22001337a 4500
008
171017b xxu||||| |||| 00| 0 eng d
020
_a
9780073230603
041
_a
eng
080
_2
3 ED
_a
330.101.542
100
_a
52
101
_a
MIK
245
_a
PRINCIPLES ECONOMICS
_c
FRANK.R.H
942
_2
udc
_c
BK
999
_c
34438
_d
34438